Normal view
MARC view
- Sindhu Bhaskar(guide
Entry Personal Name
001 - CONTROL NUMBER
- control field: 4988
003 - CONTROL NUMBER IDENTIFIER
- control field: OSt
005 - DATE AND TIME OF LATEST TRANSACTION
- control field: 20210907101458.0
008 - FIXED-LENGTH DATA ELEMENTS
- fixed length control field: 210907|| aca||aabn | a|a d
040 ## - CATALOGING SOURCE
- Original cataloging agency: OSt
- Transcribing agency: OSt
100 ## - HEADING--PERSONAL NAME
- Personal name: Sindhu Bhaskar(guide
670 ## - SOURCE DATA FOUND
- Source citation: Work cat.: (OSt)17396: Drisya A K 4946, Invstions on Ergonomics and safety measures of Agricultural implements used by workers of Mgnrega , 2021
